Inquisidores, virreyes y disidentes: el Santo Oficio y la sátira política

Gorde:
Xehetasun bibliografikoak
Egile nagusia: Lohmann Villena, Guillermo (autor)
Formatua: Liburua
Hizkuntza:gaztelania
Argitaratua: Lima Congreso del Perú 1999
Gaiak:
Etiketak: Etiketa erantsi
Etiketarik gabe, Izan zaitez lehena erregistro honi etiketa jartzen!

MARC

LEADER 00000nam a2200000 a 4500
001 UCL1303
003 CL-VaPUC
008 030905e19990000PE |||||||||||||||||spa|d
020 |a 9972755134 
082 0 4 |a 985.032  |b LOH  |2 21 
100 |a Lohmann Villena, Guillermo  |e autor  |9 478240 
245 1 0 |a Inquisidores, virreyes y disidentes: el Santo Oficio y la sátira política 
300 |a 214 p 
942 |c BK 
945 |d 20030905 00:00:00  |a cmena 
260 |a Lima  |b Congreso del Perú  |c 1999 
650 7 |a HISTORIA - PERU  |2 CL-VaPUC  |9 478234 
650 0 |a Historia   |y Siglo 17  |9 255532 
650 0 |a Inquisición (Iglesia Católica)  |9 258578 
650 7 |a SATIRA POLITICA  |2 CL-VaPUC  |9 330270 
651 0 |a Perú  |9 256567 
583 |a last modification  |c 20030905 00:00:00  |k Rodrigo Vera 
999 |c 304944  |d 304942 
952 |0 0  |1 0  |4 0  |6 985_032000000000000_LOH_1999  |7 0  |8 A  |9 367816  |a BIBHIS  |b BIBHIS  |d 2019-11-21  |i 3937321  |l 5  |o 985.032 LOH 1999  |p 3937321  |r 2025-01-20  |s 2021-04-15  |w 2019-11-21  |y BK  |k HIS